000 00394nam a22001697a 4500
003 MPLRDC
005 20220104143723.0
008 210129b ||||| |||| 00| 0 eng d
082 _a857.7 XXF v.46
100 _a玄小佛
245 _a沉淀的爱情
_c
250 _a初版
260 _a
_b汉麟出版社
_c1978
300 _b
650 _a长篇小说
942 _cBK
_o857.7 XXF v.46
999 _c42684
_d42674